[Event "III Open A"]
[Site "Livigno ITA"]
[Date "2012.09.??"]
[Round "1"]
[White "Antipov, Mikhail Al."]
[Black "Karl, Hans"]
[WhiteElo "2457"]
[BlackElo "2141"]
[Result "1-0"]
[PlyCount "103"]
[EventDate "2012.09.10"]

1. e4 e5 2. Nf3 Nc6 3. Bb5 a6 4. Ba4 Nf6 5. Qe2 b5 6. Bb3 Bc5 7. c3 d6 8. O-O
O-O 9. Rd1 Bg4 10. h3 Bh5 11. d3 h6 12. Nbd2 d5 13. exd5 Nxd5 14. Ne4 Bb6 15.
Ng3 Bg6 16. Nxe5 Nxe5 17. Qxe5 c6 18. Nf5 f6 19. Qe4 Kh7 20. Qg4 Qc8 21. Nh4
Qxg4 22. hxg4 Bf7 23. d4 g6 24. g3 Rfe8 25. Kg2 Bc7 26. Rh1 Kg7 27. Bd1 Rh8 28.
Bf3 Ne7 29. Re1 Rhe8 30. Kg1 Bd5 31. Bd2 Bxf3 32. Nxf3 Nd5 33. Rxe8 Rxe8 34. a4
Bb6 35. axb5 axb5 36. Kf1 g5 37. Ne1 Kg6 38. Nc2 h5 39. gxh5+ Kxh5 40. Ne3 Nc7
41. Ke2 Kg6 42. Kd3 f5 43. g4 fxg4 44. Nxg4 c5 45. Ne5+ Kf5 46. Nd7 c4+ 47. Kc2
Re6 48. Rg1 g4 49. f3 gxf3 50. Rg5+ Ke4 51. Nf6+ Rxf6 52. Re5# 1-0

[Event "III Open A"]
[Site "Livigno ITA"]
[Date "2012.09.??"]
[Round "1"]
[White "Bentivegna, Francesco"]
[Black "Zinchenko, Yaroslav"]
[WhiteElo "2319"]
[BlackElo "2528"]
[Result "0-1"]
[PlyCount "86"]
[EventDate "2012.09.10"]

1. e4 c5 2. f4 d5 3. Nc3 d4 4. Nb1 Nc6 5. Bb5 Qc7 6. Bxc6+ Qxc6 7. d3 f5 8. Nf3
Nf6 9. Ne5 Qa6 10. Nd2 g6 11. O-O Bg7 12. Qe1 O-O 13. a4 fxe4 14. dxe4 Ng4 15.
Nxg4 Bxg4 16. Nf3 Qc4 17. Qd1 e5 18. b3 Qe6 19. Ng5 Qd7 20. Qd3 h6 21. Nh3 Bxh3
22. gxh3 Rae8 23. Bd2 exf4 24. Bxf4 Re6 25. Rae1 Rfe8 26. Re2 Qc6 27. Rfe1 a6
28. a5 Qb5 29. Bd2 Kh7 30. Qg3 c4 31. bxc4 Qxc4 32. Qd3 Qc5 33. Rf1 R8e7 34.
Rfe1 Rc7 35. Bf4 Rf7 36. Bd2 Ref6 37. e5 Rf3 38. Qe4 d3+ 39. Be3 Qxa5 40. cxd3
Bxe5 41. Bxh6 Bc3 42. Rg2 Qf5 43. Qxf5 R3xf5 0-1

[Event "III Open A"]
[Site "Livigno ITA"]
[Date "2012.09.??"]
[Round "1"]
[White "Betori, Alessandro"]
[Black "Valsecchi, Alessio"]
[WhiteElo "2043"]
[BlackElo "2427"]
[Result "0-1"]
[PlyCount "90"]
[EventDate "2012.09.10"]

1. Nf3 Nf6 2. g3 d5 3. Bg2 c6 4. d3 Bg4 5. Ne5 Bh5 6. Nd2 e6 7. b3 Be7 8. Bb2
a5 9. a3 O-O 10. O-O Nbd7 11. Ndf3 Qc7 12. c4 Rfe8 13. h3 Rad8 14. g4 Bg6 15.
Nxg6 hxg6 16. Qc2 Bc5 17. d4 Ba7 18. Nd2 g5 19. e3 Nf8 20. Nf3 Ne4 21. Rfe1 Ng6
22. Kf1 f6 23. Ke2 Qf7 24. Rf1 f5 25. Ne5 Nxe5 26. dxe5 dxc4 27. Bxe4 cxb3 28.
Qxb3 fxe4 29. Rad1 Qf3+ 30. Ke1 Rxd1+ 31. Qxd1 Qxd1+ 32. Kxd1 Rd8+ 33. Kc2 b5
34. Bc3 a4 35. Rb1 Bc5 36. Kb2 Be7 37. Ka2 Rd3 38. Bb2 Kf7 39. Rc1 c5 40. Rc2
Ke8 41. Bc1 Kd7 42. Rb2 Kc6 43. Bd2 c4 44. Bb4 Bxb4 45. axb4 Kd5 0-1

[Event "III Open A"]
[Site "Livigno ITA"]
[Date "2012.09.??"]
[Round "1"]
[White "Bove, Alessandro"]
[Black "David, Alberto"]
[WhiteElo "2367"]
[BlackElo "2599"]
[Result "0-1"]
[PlyCount "76"]
[EventDate "2012.09.10"]

1. e4 c5 2. Ne2 e6 3. Nbc3 a6 4. g3 Nc6 5. Bg2 d6 6. O-O Be7 7. d4 cxd4 8. Nxd4
Bd7 9. a4 Nf6 10. h3 Rc8 11. Nde2 O-O 12. Be3 Qc7 13. b3 Rfd8 14. Qe1 Nb4 15.
Rc1 d5 16. exd5 exd5 17. Bd4 Bf5 18. Qd2 Ne4 19. Bxe4 dxe4 20. g4 h6 21. Nd1
Be6 22. Ne3 Nc6 23. c3 Ne5 24. Bxe5 Qxe5 25. Nd4 Bd6 26. f4 exf3 27. Nxf3 Qg3+
28. Qg2 Qxg2+ 29. Kxg2 Bf4 30. Rfe1 Rd3 31. Kf2 Bxb3 32. Nd4 Bxa4 33. Nd5 Bxc1
34. Ne7+ Kf8 35. Nxc8 Bd2 36. Re2 Bxc3 37. Nf5 Rxh3 38. Ncd6 Rh2+ 0-1

[Event "III Open A"]
[Site "Livigno ITA"]
[Date "2012.09.??"]
[Round "1"]
[White "Cebalo, Miso"]
[Black "Kock, Hans-Uwe"]
[WhiteElo "2424"]
[BlackElo "2038"]
[Result "1-0"]
[PlyCount "101"]
[EventDate "2012.09.10"]

1. c4 Nf6 2. Nc3 c5 3. g3 Nc6 4. Bg2 e6 5. Nf3 d5 6. cxd5 exd5 7. d4 c4 8. O-O
Be7 9. Ne5 O-O 10. Nxc6 bxc6 11. b3 Ba6 12. bxc4 Bxc4 13. Qa4 Qb6 14. Rd1 Qa6
15. Qxa6 Bxa6 16. Rb1 Bd6 17. Bg5 Rab8 18. Bxf6 gxf6 19. e4 Bb4 20. Rbc1 Bxc3
21. Rxc3 Bc4 22. exd5 cxd5 23. Bf1 Bxa2 24. Ra3 Rb2 25. Rxa7 Rc8 26. Bd3 Rc3
27. Kg2 Bb3 28. Rb1 Rd2 29. Bf5 Bc2 30. Rb8+ Kg7 31. Be6 Be4+ 32. Kh3 Rxf2 33.
Rxf7+ Kh6 34. Rbf8 Rcc2 35. Kh4 Rxh2+ 36. Kg4 Rcf2 37. Rxf6+ Rxf6 38. Rxf6+ Kg7
39. Rf7+ Kg6 40. Rd7 Kf6 41. Rd6 Ke7 42. Ra6 Rd2 43. Kf4 Rxd4 44. Ke5 Rd3 45.
Ra7+ Kf8 46. g4 Bg6 47. Bxd5 Re3+ 48. Kf6 Re8 49. Rg7 Re3 50. Ra7 Re8 51. Rg7
1-0

[Event "III Open A"]
[Site "Livigno ITA"]
[Date "2012.09.??"]
[Round "1"]
[White "Collutiis, Duilio"]
[Black "Zhou, Syang"]
[WhiteElo "2501"]
[BlackElo "2239"]
[Result "1/2-1/2"]
[PlyCount "75"]
[EventDate "2012.09.10"]

1. g3 e5 2. c4 g6 3. Bg2 Bg7 4. Nc3 Ne7 5. e4 O-O 6. Nge2 Nbc6 7. d3 d6 8. O-O
a5 9. h3 h6 10. Rb1 f5 11. exf5 Nxf5 12. a3 Nfd4 13. Nxd4 Nxd4 14. Be3 Nf5 15.
Bd2 c6 16. b4 axb4 17. axb4 Nd4 18. Be3 Nf5 19. Qd2 Be6 20. b5 Nxe3 21. Qxe3
Ra3 22. Qc1 Qa5 23. Ne4 Rxd3 24. Rd1 Rxd1+ 25. Qxd1 Qa2 26. Ra1 Qxc4 27. bxc6
bxc6 28. Qxd6 Bxh3 29. Qxg6 Bf5 30. Nf6+ Rxf6 31. Ra8+ Rf8 32. Rxf8+ Kxf8 33.
Qxf5+ Ke7 34. Qg6 Qc1+ 35. Kh2 Bf6 36. Qh7+ Kd6 37. Qg6 Ke7 38. Qh7+ 1/2-1/2

[Event "III Open A"]
[Site "Livigno ITA"]
[Date "2012.09.??"]
[Round "1"]
[White "Formento, Paolo"]
[Black "Neelotpal, Das"]
[WhiteElo "2147"]
[BlackElo "2473"]
[Result "0-1"]
[PlyCount "74"]
[EventDate "2012.09.10"]

1. e4 e5 2. Nf3 Nc6 3. Bb5 a6 4. Bxc6 dxc6 5. O-O Be6 6. Nxe5 Qd4 7. Nf3 Qxe4
8. Ng5 Qf5 9. Nxe6 fxe6 10. Re1 Nf6 11. Qe2 Bc5 12. c3 O-O 13. d4 Bd6 14. Qxe6+
Qxe6 15. Rxe6 Ng4 16. h3 Nxf2 17. Nd2 Nd3 18. Nc4 Bg3 19. Be3 Rae8 20. Rxe8
Rxe8 21. Bd2 b5 22. Ne5 Bxe5 23. dxe5 Nxb2 24. Bf4 c5 25. Bg3 c4 26. Re1 Kf7
27. e6+ Rxe6 28. Rxe6 Kxe6 29. Bxc7 b4 30. Kf1 b3 31. axb3 cxb3 32. Ke2 Nc4 33.
Kd1 a5 34. Kc1 a4 35. Kb1 a3 36. Bf4 Kf5 37. g3 Ke4 0-1

[Event "III Open A"]
[Site "Livigno ITA"]
[Date "2012.09.??"]
[Round "1"]
[White "Kravtsiv, Martyn"]
[Black "Sharma, Dinesh K."]
[WhiteElo "2581"]
[BlackElo "2361"]
[Result "1-0"]
[PlyCount "59"]
[EventDate "2012.09.10"]

1. e4 e6 2. d4 d5 3. Nc3 Nf6 4. e5 Nfd7 5. f4 c5 6. Nf3 Nc6 7. Be3 cxd4 8. Nxd4
Bc5 9. Qd2 O-O 10. O-O-O a6 11. Qf2 Qe7 12. Bd3 Nxd4 13. Bxd4 b5 14. Kb1 Bxd4
15. Qxd4 b4 16. Ne2 a5 17. Qe3 Ba6 18. Nd4 Qc5 19. f5 Bxd3 20. Qxd3 Rac8 21.
Rhe1 Rfe8 22. f6 gxf6 23. exf6 Kh8 24. Re3 Rg8 25. Rh3 Nxf6 26. Rf1 Rxg2 27. a4
Kg7 28. Rg3+ Rxg3 29. Qxg3+ Kf8 30. Qh4 1-0

[Event "III Open A"]
[Site "Livigno ITA"]
[Date "2012.09.??"]
[Round "1"]
[White "Krumm, Johannes"]
[Black "Bruno, Fabio"]
[WhiteElo "2033"]
[BlackElo "2423"]
[Result "0-1"]
[PlyCount "58"]
[EventDate "2012.09.10"]

1. e4 c5 2. Nf3 e6 3. c3 Nf6 4. e5 Nd5 5. Bc4 Nc6 6. O-O Nb6 7. Bb3 d5 8. d4
Be7 9. Be3 Nd7 10. Bc2 b5 11. a4 b4 12. c4 dxc4 13. Be4 Bb7 14. Nbd2 cxd4 15.
Bxd4 Rc8 16. Nxc4 Ba6 17. Rc1 O-O 18. Bb1 Nxd4 19. Qxd4 Nc5 20. Qe3 Bb7 21.
Rfd1 Bd5 22. b3 g6 23. Nd4 Nxa4 24. bxa4 Rxc4 25. Nc6 Rxc1 26. Qxc1 Qc7 27.
Rxd5 exd5 28. g3 Bg5 29. f4 Rc8 0-1

[Event "III Open A"]
[Site "Livigno ITA"]
[Date "2012.09.??"]
[Round "1"]
[White "Maiorov, Nikita"]
[Black "Marholev, Dimitar"]
[WhiteElo "2554"]
[BlackElo "2340"]
[Result "1-0"]
[PlyCount "57"]
[EventDate "2012.09.10"]

1. d4 Nf6 2. c4 g6 3. Nc3 Bg7 4. e4 O-O 5. h3 d6 6. Bg5 c5 7. d5 e6 8. Bd3 Na6
9. Nf3 h6 10. Be3 exd5 11. cxd5 Re8 12. O-O Bd7 13. Nd2 Qb8 14. a4 Nb4 15. Be2
a6 16. Qb1 Qc7 17. Re1 Rab8 18. a5 b5 19. axb6 Rxb6 20. Nc4 Rbb8 21. Bf4 Bf8
22. Bf1 Bb5 23. e5 Bxc4 24. Bxc4 dxe5 25. d6 Qxd6 26. Qxg6+ Kh8 27. Bxf7 exf4
28. Rxe8 Rxe8 29. Bxe8 1-0

[Event "III Open A"]
[Site "Livigno ITA"]
[Date "2012.09.??"]
[Round "1"]
[White "Mertens, Klaus"]
[Black "Stella, Andrea"]
[WhiteElo "2079"]
[BlackElo "2456"]
[Result "0-1"]
[PlyCount "174"]
[EventDate "2012.09.10"]

1. Nf3 d5 2. d4 c6 3. g3 Bg4 4. Bg2 Nd7 5. O-O e6 6. Bf4 Ngf6 7. Nbd2 Be7 8. c3
O-O 9. Re1 c5 10. Qb3 cxd4 11. cxd4 Qb6 12. h3 Bh5 13. Ne5 Qxd4 14. Nxd7 Nxd7
15. Qxb7 Rad8 16. Be3 Qb4 17. Qxa7 Bc5 18. Bxc5 Nxc5 19. a3 Qxd2 20. Qxc5 Qxb2
21. Rab1 Qf6 22. Rb4 Rc8 23. Qd4 Qxd4 24. Rxd4 Rc3 25. g4 Bg6 26. Ra1 Ra8 27.
a4 Rc5 28. e4 dxe4 29. Bxe4 Bxe4 30. Rxe4 h5 31. Kg2 g6 32. Kg3 Kg7 33. Ra3 Ra7
34. f3 Raa5 35. f4 hxg4 36. hxg4 g5 37. Kf3 gxf4 38. Kxf4 Rc1 39. Kg3 Kg6 40.
Rf3 Rg1+ 41. Kf2 Rc1 42. Ref4 Rc2+ 43. Kg3 Ra7 44. Ra3 Rc5 45. Kh4 e5 46. Re4
f6 47. Kg3 Raa5 48. Rb4 Rd5 49. Rb6 Kg5 50. Rb4 Ra6 51. Rc4 Rad6 52. Kf3 Rd3+
53. Rxd3 Rxd3+ 54. Ke4 Rd1 55. Ke3 Kh4 56. Kf3 Ra1 57. Rb4 Kg5 58. Kf2 Ra2+ 59.
Kf3 Ra3+ 60. Kg2 Kg6 61. Kf2 Kf7 62. Ke2 Ke6 63. Rb6+ Ke7 64. Rb4 Kd7 65. Rb7+
Ke6 66. Rb6+ Kf7 67. Rb4 Kg6 68. Kf2 Rh3 69. Ke2 Ra3 70. Kf2 Kg5 71. Kg2 f5 72.
gxf5 Kxf5 73. Kf2 Ke6 74. Ke2 Kd5 75. Kd2 Ra2+ 76. Kd3 e4+ 77. Ke3 Ra3+ 78. Ke2
Ke5 79. Rb5+ Kf4 80. a5 Ra2+ 81. Ke1 Kf3 82. Rf5+ Ke3 83. Kf1 Ra1+ 84. Kg2 Ke2
85. Rb5 e3 86. Rb2+ Kd3 87. Rb3+ Kd2 0-1

[Event "III Open A"]
[Site "Livigno ITA"]
[Date "2012.09.??"]
[Round "1"]
[White "Minko, Vladimir"]
[Black "Timoshenko, Georgy"]
[WhiteElo "2293"]
[BlackElo "2518"]
[Result "1/2-1/2"]
[PlyCount "138"]
[EventDate "2012.09.10"]

1. d4 Nf6 2. g3 c5 3. d5 e6 4. c4 exd5 5. cxd5 Bd6 6. Bg2 O-O 7. Nc3 Re8 8. Nf3
Bc7 9. d6 Ba5 10. O-O Nc6 11. Nh4 b6 12. Nb5 Ba6 13. a4 Bxb5 14. axb5 Nd4 15.
Be3 Nxb5 16. Bxa8 Qxa8 17. Bxc5 Qe4 18. e3 a6 19. Ra4 Qe6 20. Bd4 Ne4 21. f3
Nd2 22. Rf2 g5 23. Ng2 Nb3 24. Bxb6 Rc8 25. Re4 Qxd6 26. Qxb3 Bxb6 27. f4 h6
28. Rc4 Rxc4 29. Qxc4 Qc5 30. Qd3 Qe7 31. fxg5 hxg5 32. Rc2 Kg7 33. Rc8 Qe6 34.
h4 gxh4 35. gxh4 d5 36. Rc2 Nd6 37. Rc6 Bd8 38. Qxa6 Be7 39. Qa4 Qf5 40. Qf4
Qb1+ 41. Kh2 Nf5 42. Qe5+ Kh7 43. Qxd5 Nh6 44. Rc4 Bf6 45. b4 Qa2 46. Qe4+ Kg7
47. b5 Qa1 48. Rc5 Qa7 49. Rc8 Qa1 50. Nf4 Ng4+ 51. Kg3 Qe1+ 52. Kxg4 Qxh4+ 53.
Kf3 Qh1+ 54. Ng2 Qh3+ 55. Kf2 Qxc8 56. b6 Qc3 57. b7 Be5 58. Nf4 Qb2+ 59. Kf3
Qa1 60. Kg4 Qd1+ 61. Kf5 Qd7+ 62. Kg5 Qd8+ 63. Kg4 Qd1+ 64. Kh3 Qd7+ 65. Kg3
Qd6 66. Qf3 Kf8 67. Qg4 Ke7 68. Qc8 Bxf4+ 69. exf4 Qd3+ 1/2-1/2

[Event "III Open A"]
[Site "Livigno ITA"]
[Date "2012.09.??"]
[Round "1"]
[White "Pogan, Nikolas"]
[Black "Jovanic, Ognjen"]
[WhiteElo "2240"]
[BlackElo "2511"]
[Result "0-1"]
[PlyCount "80"]
[EventDate "2012.09.10"]

1. d4 Nf6 2. Nf3 b6 3. g3 Bb7 4. Bg2 g6 5. O-O Bg7 6. c4 O-O 7. Nc3 Ne4 8. Nxe4
Bxe4 9. Be3 d6 10. Qd2 Re8 11. Bh6 Bf6 12. Qf4 Bb7 13. Bg5 Nd7 14. Qh4 c5 15.
Rad1 Bxf3 16. Bxf3 Rc8 17. Bxf6 Nxf6 18. b3 cxd4 19. Qxd4 Rc5 20. Rd2 Qc7 21.
Rfd1 a6 22. Rc1 b5 23. Rdc2 d5 24. e4 dxc4 25. bxc4 e5 26. Qd3 Rc8 27. Be2 Kg7
28. Qe3 Rd8 29. Bd3 b4 30. Rb2 a5 31. a3 bxa3 32. Ra2 Rd4 33. Rxa3 Ne8 34. f3
Nd6 35. Qe1 Nb7 36. Be2 Nd8 37. Rb1 Nc6 38. Rba1 Nb4 39. Qc1 Qd8 40. Rc3 Rd2
0-1

[Event "III Open A"]
[Site "Livigno ITA"]
[Date "2012.09.??"]
[Round "1"]
[White "Polak, Tomas"]
[Black "Hainke, Guntram"]
[WhiteElo "2522"]
[BlackElo "2318"]
[Result "1/2-1/2"]
[PlyCount "75"]
[EventDate "2012.09.10"]

1. d4 Nf6 2. c4 e6 3. Nf3 d5 4. Nc3 Bb4 5. Qa4+ Nc6 6. e3 O-O 7. Bd2 dxc4 8.
Bxc4 Bd6 9. h3 e5 10. d5 Ne7 11. e4 a6 12. a3 Ng6 13. Qc2 Bd7 14. h4 h6 15. h5
Ne7 16. O-O-O b5 17. Be2 Qb8 18. g4 Nxg4 19. Rdg1 f5 20. Nh4 Rf6 21. exf5 Nxf2
22. Rh2 Qb6 23. Rhg2 Nxf5 24. Bxh6 Bf8 25. Bg5 Nd4 26. Bxf6 Qxf6 27. Qg6 Qxh4
28. Qh6 Nxe2+ 29. Nxe2 Ng4 30. Qg6 Ne3 31. Rg3 Qc4+ 32. Nc3 Bf5 33. Qf6 Bg4 34.
Rxg4 Nxg4 35. Qe6+ Kh8 36. Rxg4 Qf1+ 37. Kc2 Qf6 38. Ne4 1/2-1/2

[Event "III Open A"]
[Site "Livigno ITA"]
[Date "2012.09.??"]
[Round "1"]
[White "Satyapragyan, Swayangsu"]
[Black "Franciosi, Fausto"]
[WhiteElo "2435"]
[BlackElo "2074"]
[Result "1-0"]
[PlyCount "81"]
[EventDate "2012.09.10"]

1. e4 e6 2. Nf3 d5 3. Nc3 Nf6 4. e5 Nfd7 5. d4 c5 6. dxc5 Nc6 7. Bf4 Bxc5 8.
Bd3 f6 9. exf6 Nxf6 10. Qe2 O-O 11. O-O-O a6 12. Ne5 Bd6 13. Bg3 Qc7 14. Ng4
Nxg4 15. Qxg4 Ne5 16. Qh4 g6 17. Rhe1 Bd7 18. Qd4 Nf7 19. Kb1 Rae8 20. Bxd6
Qxd6 21. f4 Bc6 22. h4 e5 23. fxe5 Rxe5 24. Rf1 Qe7 25. g4 Nd6 26. Rxf8+ Kxf8
27. h5 Kg8 28. hxg6 hxg6 29. Bxg6 Qg5 30. Bd3 Qe3 31. Qb4 Nf7 32. Ne2 Qf3 33.
Qd2 Bb5 34. Nd4 Qxg4 35. Nxb5 axb5 36. a3 d4 37. Rf1 Qg3 38. Qb4 Qe3 39. Bxb5
Re7 40. Bc4 Qe4 41. Qb6 1-0

[Event "III Open A"]
[Site "Livigno ITA"]
[Date "2012.09.??"]
[Round "1"]
[White "Simoncini, Francesco"]
[Black "Piscopo, Pierluigi"]
[WhiteElo "1961"]
[BlackElo "2381"]
[Result "0-1"]
[PlyCount "130"]
[EventDate "2012.09.10"]

1. e4 c5 2. d4 cxd4 3. c3 Nf6 4. e5 Nd5 5. Nf3 e6 6. cxd4 d6 7. Bc4 Nc6 8. O-O
Be7 9. Qe2 O-O 10. Nc3 Nxc3 11. bxc3 dxe5 12. dxe5 Qa5 13. Qe4 Rd8 14. Bg5 h6
15. Bxe7 Nxe7 16. Rad1 Bd7 17. Nd4 Qxc3 18. Bd3 Nf5 19. Bb1 Bc6 20. Nxc6 Qxc6
21. g4 Qxe4 22. Bxe4 Nd4 23. Kg2 Nc6 24. Bxc6 bxc6 25. Rxd8+ Rxd8 26. Rc1 Rc8
27. Kf3 Kf8 28. Ke4 Ke7 29. f4 Kd7 30. f5 Rb8 31. fxe6+ fxe6 32. Rc4 Rb5 33. h4
c5 34. a3 Kc6 35. g5 Rb1 36. gxh6 gxh6 37. Ra4 Re1+ 38. Kf4 Rf1+ 39. Ke3 Rf7
40. Kd3 Kd5 41. Ra5 h5 42. Ke3 Rg7 43. a4 Rg3+ 44. Kd2 Kd4 45. Rxa7 Rg2+ 46.
Kd1 Rh2 47. a5 Kxe5 48. a6 Rxh4 49. Ra8 Ra4 50. a7 h4 51. Rc8 Rxa7 52. Rxc5+
Kf4 53. Rc4+ Kg5 54. Rc5+ Kg6 55. Rc3 Rh7 56. Rh3 Kg5 57. Ke2 Kg4 58. Rh1 h3
59. Rg1+ Kf4 60. Rf1+ Ke4 61. Rh1 h2 62. Kf2 Kf4 63. Kg2 Kg4 64. Kf2 e5 65. Kg2
Rh6 0-1

[Event "III Open A"]
[Site "Livigno ITA"]
[Date "2012.09.??"]
[Round "1"]
[White "Stitterich, Nadine"]
[Black "Zhou, Yang-Fan"]
[WhiteElo "2024"]
[BlackElo "2414"]
[Result "0-1"]
[PlyCount "50"]
[EventDate "2012.09.10"]

1. e4 c5 2. Nf3 d6 3. d4 Nf6 4. Nc3 cxd4 5. Nxd4 g6 6. Be3 a6 7. f3 b5 8. Qd2
Bb7 9. O-O-O Nbd7 10. g4 h6 11. h4 b4 12. Nb1 e5 13. Nb3 a5 14. Qf2 Qc7 15. Bb5
Bc6 16. Bxc6 Qxc6 17. g5 hxg5 18. hxg5 Rxh1 19. Rxh1 Nh5 20. Rd1 a4 21. Na1 Qc4
22. c3 Qxa2 23. Nc2 d5 24. exd5 a3 25. bxa3 bxa3 0-1

[Event "III Open A"]
[Site "Livigno ITA"]
[Date "2012.09.11"]
[Round "2"]
[White "Castellanos Rodriguez, Renier"]
[Black "Naumkin, Igor"]
[WhiteElo "2491"]
[BlackElo "2473"]
[Result "1-0"]
[PlyCount "95"]
[EventDate "2012.09.10"]

1. e4 e5 2. Nf3 Nc6 3. Bb5 a6 4. Ba4 Nf6 5. d3 b5 6. Bb3 Be7 7. O-O O-O 8. Re1
d6 9. c3 h6 10. Nbd2 Re8 11. a4 Rb8 12. axb5 axb5 13. h3 Bf8 14. d4 Bb7 15. Bc2
exd4 16. cxd4 Nb4 17. Bb1 c5 18. d5 Nd7 19. Nf1 f5 20. Bd2 fxe4 21. Bxe4 Nf6
22. Bg6 Rxe1 23. Qxe1 Nbxd5 24. Qe6+ Kh8 25. Nh4 Ne7 26. Bc2 Bd5 27. Qe2 b4 28.
Ng3 Qe8 29. Ra6 Bc6 30. Qe6 Qd7 31. Qxd7 Nxd7 32. Ngf5 Nxf5 33. Bxf5 Bb7 34.
Ra7 Ne5 35. f4 Be7 36. fxe5 Bxh4 37. exd6 Bf6 38. d7 Bd5 39. Rc7 Rf8 40. Be3 c4
41. Rc8 Rg8 42. Bb6 c3 43. bxc3 b3 44. c4 Bf7 45. c5 b2 46. c6 Be6 47. Rxg8+
Bxg8 48. c7 1-0

[Event "III Open A"]
[Site "Livigno ITA"]
[Date "2012.09.11"]
[Round "2"]
[White "Hainke, Guntram"]
[Black "Minko, Vladimir"]
[WhiteElo "2318"]
[BlackElo "2293"]
[Result "1/2-1/2"]
[PlyCount "88"]
[EventDate "2012.09.10"]

1. d4 Nf6 2. c4 e6 3. Nc3 c5 4. d5 exd5 5. cxd5 Bd6 6. Nf3 O-O 7. Bg5 h6 8. Bh4
a6 9. a4 Re8 10. e3 Bf8 11. d6 Re6 12. Bc4 Rxd6 13. Qb3 Qe8 14. Bg3 Nc6 15.
Bxd6 Bxd6 16. Nd5 Nxd5 17. Bxd5 Nb4 18. O-O Bf8 19. e4 d6 20. Rfe1 Rb8 21. a5
Nxd5 22. exd5 Qd8 23. Qb6 Bf5 24. Qxd8 Rxd8 25. Nd2 Bd3 26. b3 g5 27. Nc4 Bg7
28. Ra2 Bd4 29. h3 Kf8 30. g4 Rd7 31. Kg2 Re7 32. Rxe7 Kxe7 33. f3 Bc3 34. Kf2
Kd7 35. Ke3 Bf1 36. Rh2 Bxc4 37. bxc4 Bxa5 38. h4 Bc3 39. Kd3 Be5 40. hxg5 hxg5
41. Rh5 Bf6 42. Rh7 Ke7 43. Rh2 Be5 44. Ra2 Kd7 1/2-1/2

[Event "III Open A"]
[Site "Livigno ITA"]
[Date "2012.09.11"]
[Round "2"]
[White "Jovanic, Ognjen"]
[Black "Sveshnikov, Vladimir"]
[WhiteElo "2511"]
[BlackElo "2405"]
[Result "1-0"]
[PlyCount "117"]
[EventDate "2012.09.10"]

1. d4 d5 2. c4 e6 3. Nf3 Nf6 4. e3 c6 5. Nbd2 c5 6. dxc5 Bxc5 7. a3 O-O 8. Qc2
b6 9. Bd3 Bb7 10. O-O dxc4 11. Nxc4 Bxf3 12. gxf3 Qd5 13. f4 Nbd7 14. b4 Be7
15. Rd1 Qh5 16. Qe2 Qh3 17. Bb2 Rfd8 18. Qf1 Qh6 19. Qg2 Rac8 20. Rac1 Ne8 21.
Bf1 Bf6 22. Ne5 Rxc1 23. Rxc1 Qh5 24. Qh3 Qxh3 25. Bxh3 g5 26. Bf1 gxf4 27.
exf4 Nf8 28. Bc3 Ng6 29. Nc6 Rd7 30. Be5 Nxe5 31. fxe5 Bg5 32. Rc3 Bd2 33. Rg3+
Ng7 34. b5 h6 35. Rd3 Rxd3 36. Bxd3 Nh5 37. Nxa7 Nf4 38. Be4 Bc3 39. Nc6 Ne2+
40. Kg2 Nd4 41. Na7 f6 42. a4 Nb3 43. Nc8 Nc5 44. Bc2 Nd7 45. f4 fxe5 46. f5
exf5 47. Bxf5 Nc5 48. Nxb6 e4 49. Nd5 Ba5 50. b6 Kf7 51. Bc8 Ke8 52. b7 Na6 53.
Kf2 Kd8 54. Ke3 Bc7 55. Nxc7 Kxc7 56. Kd4 h5 57. Kxe4 Nc5+ 58. Kf5 Nxa4 59. Ke4
1-0

[Event "III Open A"]
[Site "Livigno ITA"]
[Date "2012.09.11"]
[Round "2"]
[White "Karl, Hans"]
[Black "Mertens, Klaus"]
[WhiteElo "2141"]
[BlackElo "2079"]
[Result "1-0"]
[PlyCount "71"]
[EventDate "2012.09.10"]

1. d4 Nf6 2. c4 e6 3. Nc3 b6 4. e4 Bb4 5. Bd3 Bb7 6. f3 Bxc3+ 7. bxc3 d6 8. Ne2
Nbd7 9. O-O O-O 10. Ng3 c5 11. f4 d5 12. cxd5 exd5 13. e5 Ne4 14. Qg4 Nxg3 15.
Qxg3 f5 16. Qh3 g6 17. g4 fxg4 18. Qxg4 Kh8 19. f5 gxf5 20. Rxf5 Rg8 21. Rg5
Qe7 22. h4 Raf8 23. Rxg8+ Rxg8 24. Bg5 Nxe5 25. dxe5 Qxe5 26. Rf1 Qe3+ 27. Bxe3
Rxg4+ 28. Kh2 Rxh4+ 29. Kg3 Rh5 30. Rf7 Bc6 31. Rxa7 Kg8 32. Rc7 Be8 33. Rb7 c4
34. Bc2 b5 35. Bd4 h6 36. Bh7+ 1-0

[Event "III Open A"]
[Site "Livigno ITA"]
[Date "2012.09.11"]
[Round "2"]
[White "Kock, Hans-Uwe"]
[Black "Bentivegna, Francesco"]
[WhiteElo "2038"]
[BlackElo "2319"]
[Result "0-1"]
[PlyCount "150"]
[EventDate "2012.09.10"]

1. d4 Nf6 2. c4 c5 3. d5 b5 4. Qc2 Bb7 5. e4 bxc4 6. Bxc4 e6 7. Nc3 Na6 8. Qe2
Nc7 9. Bf4 d6 10. Rd1 e5 11. Bg3 Be7 12. f4 exf4 13. Bxf4 O-O 14. Nf3 Nh5 15.
Be3 Bf6 16. O-O Re8 17. Nd2 Bg5 18. Bxg5 Qxg5 19. Qf2 Nf6 20. Rde1 Qg6 21. Be2
Rad8 22. Qh4 Re7 23. Rf3 Qg4 24. Qf2 Qc8 25. Rg3 Nce8 26. Rf1 Ba6 27. Nc4 Bxc4
28. Bxc4 Ng4 29. Qf4 Ne5 30. Be2 Ng6 31. Qe3 Nf6 32. Rh3 Re5 33. Rg3 Rde8 34.
Qf3 R8e7 35. Bd3 Qb8 36. Rf2 Nh5 37. Rh3 Nf6 38. Rg3 Rb7 39. Qe2 Rbe7 40. Qf3
Qb4 41. Re2 Nh5 42. Rg4 Qd4+ 43. Rf2 c4 44. Bf1 Nf6 45. Rg3 Nxe4 46. Nxe4 Rxe4
47. Qf5 Re1 48. Kh1 Qe4 49. Qxe4 R7xe4 50. Ra3 Re7 51. g3 Ne5 52. Kg2 Ng4 53.
Rf4 Ne3+ 54. Kg1 g5 55. Rf3 Nxd5 56. Kf2 Nb6 57. Rf5 R1e5 58. Rf6 d5 59. Rd6
R5e6 60. Rd8+ Kg7 61. Kf3 h5 62. g4 Rf6+ 63. Kg2 h4 64. Rf3 Rxf3 65. Kxf3 Nd7
66. h3 d4 67. Kf2 d3 68. Bg2 Re2+ 69. Kf1 Ne5 70. Rd5 Kf6 71. Rd6+ Ke7 72. Ra6
Rxg2 73. Rxa7+ Ke6 74. Ra6+ Ke7 75. Ra7+ Nd7 0-1

[Event "III Open A"]
[Site "Livigno ITA"]
[Date "2012.09.11"]
[Round "2"]
[White "Marholev, Dimitar"]
[Black "Krumm, Johannes"]
[WhiteElo "2340"]
[BlackElo "2033"]
[Result "1/2-1/2"]
[PlyCount "60"]
[EventDate "2012.09.10"]

1. e4 d5 2. Nc3 Nf6 3. e5 d4 4. exf6 dxc3 5. fxg7 cxd2+ 6. Qxd2 Qxd2+ 7. Bxd2
Bxg7 8. O-O-O Nc6 9. Bb5 Bd7 10. Ne2 a6 11. Ba4 O-O-O 12. Bb3 e5 13. f3 f6 14.
Ng3 h5 15. h4 f5 16. Bg5 Rdf8 17. c3 Bf6 18. f4 exf4 19. Bxf4 Ne5 20. Rd5 Re8
21. Bg5 Bxg5+ 22. hxg5 Bc6 23. Rxe5 Rxe5 24. g6 Bd5 25. g7 Rg8 26. Bxd5 Rxd5
27. Nxh5 Rd7 28. Rf1 Rdxg7 29. Nxg7 Rxg7 30. Rh1 Rg8 1/2-1/2

[Event "III Open A"]
[Site "Livigno ITA"]
[Date "2012.09.11"]
[Round "2"]
[White "Neelotpal, Das"]
[Black "Piscopo, Pierluigi"]
[WhiteElo "2473"]
[BlackElo "2381"]
[Result "1/2-1/2"]
[PlyCount "37"]
[EventDate "2012.09.10"]

1. d4 Nf6 2. c4 c5 3. d5 e6 4. Nc3 exd5 5. cxd5 d6 6. Nf3 g6 7. h3 Bg7 8. e4 a6
9. a4 Nbd7 10. Bd3 Nh5 11. O-O Ne5 12. Be2 Nxf3+ 13. Bxf3 Qh4 14. Be3 Be5 15.
Bg4 Bxg4 16. Qxg4 Qxg4 17. hxg4 Nf6 18. f3 h6 19. a5 1/2-1/2

[Event "III Open A"]
[Site "Livigno ITA"]
[Date "2012.09.11"]
[Round "2"]
[White "Sharma, Dinesh K."]
[Black "Betori, Alessandro"]
[WhiteElo "2361"]
[BlackElo "2043"]
[Result "1/2-1/2"]
[PlyCount "78"]
[EventDate "2012.09.10"]

1. e4 d5 2. exd5 Qxd5 3. Nf3 Bg4 4. Be2 Nc6 5. d4 O-O-O 6. Be3 e5 7. c4 Bb4+ 8.
Nbd2 Qe4 9. d5 Nd4 10. Nxd4 exd4 11. Bxg4+ f5 12. Bf3 Qe5 13. Qb3 Bc5 14. O-O-O
dxe3 15. fxe3 Bxe3 16. Kc2 Nf6 17. Rhe1 f4 18. Qd3 Rhe8 19. Nf1 Qg5 20. Nxe3
Rxe3 21. Rxe3 fxe3 22. Re1 Re8 23. Qd4 Kb8 24. Kc3 Nd7 25. Re2 h5 26. h4 Qh6
27. a3 a5 28. b3 Qd6 29. Rxe3 Rxe3+ 30. Qxe3 Qf6+ 31. Kc2 Ne5 32. Be2 Qf5+ 33.
Kd2 Ng4 34. Qf3 Qe5 35. Qc3 Qf4+ 36. Ke1 Qf2+ 37. Kd2 Qf4+ 38. Ke1 Qf2+ 39. Kd2
Qf4+ 1/2-1/2